000 01902cam a22001814a 4500
005 20250605164403.0
008 250528s ||||||||||||||||||||||||d
035 _a24684
040 _aGR-AtMCL
_bgre
_dGR-AtMCL
_eAACR2
245 1 _aΜάρκετινγκ: Εστιάστε στις Προβληματοκεντρικές Πωλήσεις
260 _bΔελτίον Διοικήσεως Επιχειρήσεων,
_c2019
300 _a96
520 _aΗ Συνταγή Προστασίας από τους 'Μαύρους Κύκνους', Το Digital Reporting από τις Εισηγμένες Εταιρείες και ο Ρόλος των Ορκοτών Ελεγκτών Λογιστών, Η Ζωή είναι Μάρκετινγκ Δηλώνει στη Huffpost ο Γκουρού του Μάρκετινγκ Φίλιπ Κότλερ, Παρελθόν τα Capital Controls από τη Χώρα, ALPHA BANK: Τρεις Λόγοι για τη Βελτίωση του Οικονομικού Κλίματος στην Ελλάδα, SCOPE RATINGS: Η Ανάπτυξη θα Φέρει Μείωση του Ελληνικού Χρέους, HSBC: Η Πολιτική Αβεβαιότητα Προβληματίζει τους Επενδυτές, ΤτΕ: Μείωση Καταθέσεων στις Ελληνικές Τράπεζες τον Ιούλιο, Δείκτης Τιμών Παραγωγού στη Βιομηχανία: Αύγουστος 2019 και Ετήσια Μείωση 2,6%, ΕΕ: Στο 53% ο Ελληνόκτητος Στόλος της Ε.Ε, ΕΑΕΕ: Στο 53% ο Ελληνόκτητος Στόλος της Ε.Ε., Τα Νέα των Βιομηχανικών και Εμπορικών Επιχειρήσεων.
700 1 _aΠαπαμιχαλάκης Ιωάννης Ν
_99495
942 _cCR
999 _c9551
_d9551